Statistics for Elden Ring: All Achievement Bosses

Click here to take the quiz!

General Stats

  • This quiz has been taken 113 times
  • The average score is 19 of 31

Answer Stats

HintAnswer% Correct
Stormveil CastleGodrick the Grafted
97%
StormhillMargit, The Fell Omen
93%
Volcano ManorRykard, Lord of Blasphemy
87%
Raya Lucaria AcademyRennala, Queen of the Full Moon
86%
Leyndell, The CapitalMorgott, The Omen King
84%
Mohgwyn PalaceMohg, Lord of Blood
83%
Subterranean Shunning-GroundsMohg, The Omen
83%
CaelidStarscourge Radahn
83%
Flame PeakFire Giant
82%
Leyndell, The CapitalGodfrey, First Elden Lord
80%
Lake of RotAstel, Naturalborn of the Void
72%
Elphael, Brace of the HaligtreeMalenia, Goddess of Rot
71%
Leyndell, Capital of AshElden Beast
70%
Crumbling Farum AzulaMaliketh, The Black Blade
66%
Crumbling Farum AzulaDragonlord Placidusax
63%
Raya Lucaria AcademyRed Wolf of Radagon
63%
Crumbling Farum AzulaGodskin Duo
62%
Volcano ManorGodskin Noble
62%
Miquella's HaligtreeLoretta, Knight of the Haligtree
58%
Liurnia of the LakesRoyal Knight Loretta
58%
Deeproot DepthsLichdragon Fortissax
53%
Weeping PeninsulaLeonine Misbegotten
51%
Leyndell, Capital of AshHoarah Loux, Warrior
49%
Siofra RiverAncestor Spirit
43%
Nokron, Eternal CityMimic Tear
43%
Nokron. Eternal CityRegal Ancestor Spirit
41%
Ruin-Strewn PrecipiceMagma Wyrm Makar
37%
Ainsel RiverDragonkin Soldier of Nokstella
33%
Mountaintops of the GiantsCommander Niall
32%
Nokron, Eternal CityValiant Gargoyles
28%
Altus PlateauElemer of the Briar
16%

Score Distribution

Percentile by Number Answered

Percent of People with Each Score

Your Score History

You have not taken this quiz